| 000 | 00303nam a22001217a 4500 | ||
|---|---|---|---|
| 082 | _aP-55 | ||
| 100 |
_aNoor Zaman _947733 |
||
| 245 |
_aBailey Suspension bridge _cNoor Zaman, Hamid Iqbal |
||
| 260 |
_aRisalpur _bMCE _c17-4-2000. |
||
| 526 |
_a0 _b0 _c0 _dP_55 |
||
| 650 |
_aProjs _947873 |
||
| 942 |
_2ddc _cBK |
||
| 999 |
_c550978 _d550978 |
||